| Tag |
First Indicator |
Second Indicator |
Subfields |
| LEADER |
00000cam a2200000 a 4500 |
| 001 |
in00000078936 |
| 005 |
20151008055148.0 |
| 008 |
741030m19689999sz 00010 frem |
| 010 |
|
|
|a 68117215
|
| 035 |
|
|
|a (OCoLC)01061067
|
| 035 |
|
|
|9 AAJ2717AM
|
| 040 |
|
|
|c CIN
|d TXA
|d UtOrBLW
|
| 043 |
|
|
|a e-fr---
|
| 049 |
|
|
|a TXAM
|c [1655051]
|
| 050 |
0 |
0 |
|a DC61
|b .L656
|
| 082 |
0 |
|
|a 944/.01
|
| 100 |
1 |
|
|a Lot, Ferdinand,
|d 1866-1952.
|
| 245 |
1 |
0 |
|a Recueil des travaux historiques de Ferdinand Lot.
|
| 264 |
|
1 |
|a Geneve :
|b Droz ;
|a Paris :
|b Librairie Minard,
|c 1968-
|
| 300 |
|
|
|a volumes :
|b portrait ;
|c 25 cm.
|
| 336 |
|
|
|a text
|b txt
|2 rdacontent
|
| 337 |
|
|
|a unmediated
|b n
|2 rdamedia
|
| 338 |
|
|
|a volume
|b nc
|2 rdacarrier
|
| 490 |
1 |
|
|a Hautes etudes medievales et modernes ;
|v 4
|
| 490 |
1 |
|
|a Publications du Centre de recherches d'histoire et de philologie de la IVe section de l'Ecole pratique des hautes etudes, Paris
|
| 504 |
|
|
|a Bibliography: volume 1, pages [139]-221.
|
| 505 |
0 |
|
|a t.1. L'histoire et le methode historique, grande problemes historiques. Etudes critiques de sources -- t.2. La fin du monde antique et le debut du moyen age, L'epoque carolingieene.
|
| 651 |
|
0 |
|a France
|x History
|y Medieval period, 987-1515.
|
| 830 |
|
0 |
|a Publications (Ecole pratique des hautes etudes (France). Centre de Recherches d'histoire et de philologie)
|
| 830 |
|
0 |
|a Hautes études médiévales et modernes ;
|v 4.
|
| 999 |
|
|
|a MARS
|
| 999 |
f |
f |
|s e95f75ed-a9a6-32c9-ae40-d66f8494b2d6
|i aa4661ce-32b4-3819-906a-0a252f762f85
|t 0
|
| 952 |
f |
f |
|p ric
|a Texas A&M University
|b Rellis Campus
|c Joint Library Facility
|d Remote Storage
|t 0
|e DC61 .L656
|h Library of Congress classification
|i unmediated -- volume
|m A14806097264
|
| 998 |
f |
f |
|a DC61 .L656
|t 0
|l Remote Storage
|